Fútbol programación anual del entrenamiento para 18 años y seniors: objetivos, ciclos y sesiones con preparación física integrada

Saved in:
Bibliografiske detaljer
Hovedforfatter: Marseillou, Patrice (autor)
Format: Bog
Sprog:spansk
Udgivet: Barcelona Paidotribo 2007
Udgivelse:1a. ed
Fag:
Tags: Tilføj Tag
Ingen Tags, Vær først til at tagge denne postø!

MARC

LEADER 00000nam a2200000 a 4500
001 UCH1527
003 CL-VaPUC
008 090430e20070000SP |||||||||||||||||spa|d
020 |a 8480199113 
082 0 4 |a 796.334  |b MAR  |2 21 
100 |a Marseillou, Patrice  |e autor  |9 551916 
245 1 0 |a Fútbol programación anual del entrenamiento para 18 años y seniors: objetivos, ciclos y sesiones con preparación física integrada 
250 |a 1a. ed 
300 |a 521 p 
942 |c BK 
945 |d 20090430 00:00:00  |a rbrito 
260 |a Barcelona  |b Paidotribo  |c 2007 
650 0 |a Fútbol  |9 307513 
650 7 |a ENTRENAMIENTO FISICO  |2 CL-VaPUC  |9 307393 
650 0 |a Ejercicios físicos  |9 307296 
650 7 |a PLANIFICACION DEPORTIVA  |2 CL-VaPUC  |9 388048 
583 |a last modification  |c 20090430 00:00:00  |k Rodrigo Vera 
999 |c 333538  |d 333536 
952 |0 0  |1 0  |4 0  |6 796_334000000000000_MAR_2007  |7 0  |8 A  |9 422000  |a BIBEDU  |b BIBEDU  |d 2019-11-22  |i 4540689  |o 796.334 MAR 2007  |p 4540689  |r 2019-11-22  |w 2019-11-22  |y BK  |k EFI